| 000 -LEADER |
| fixed length control field |
00924cam a2200253 a 4500 |
| 001 - CONTROL NUMBER |
| control field |
17477985 |
| 005 - DATE AND TIME OF LATEST TRANSACTION |
| control field |
20221107122040.0 |
| 008 - FIXED-LENGTH DATA ELEMENTS--GENERAL INFORMATION |
| fixed length control field |
120926s2014 mau b 001 0 eng |
| 020 ## - INTERNATIONAL STANDARD BOOK NUMBER |
| International Standard Book Number |
9781284022070 X |
| 041 ## - LANGUAGE CODE |
| Language code of text/sound track or separate title |
eng |
| 080 ## - UNIVERSAL DECIMAL CLASSIFICATION NUMBER |
| Universal Decimal Classification number |
616.89 S-62 |
| 100 ## - MAIN ENTRY--PERSONAL NAME |
| Personal name |
Singleton, Nina Capone |
| 9 (RLIN) |
10643 |
| 245 00 - TITLE STATEMENT |
| Title |
Language development : |
| Remainder of title |
foundations, processes, and clinical applications / |
| Statement of responsibility, etc. |
Nina Capone Singleton and Brian B. Shulman. |
| 250 ## - EDITION STATEMENT |
| Edition statement |
2nd ed. |
| 264 ## - PRODUCTION, PUBLICATION, DISTRIBUTION, MANUFACTURE, AND COPYRIGHT NOTICE |
| Place of production, publication, distribution, manufacture |
Burlington : |
| Name of producer, publisher, distributor, manufacturer |
Jones & Bartlett Learning, |
| Date of production, publication, distribution, manufacture, or copyright notice |
c2014. |
| 300 ## - PHYSICAL DESCRIPTION |
| Extent |
334 p. ; |
| Dimensions |
27 cm. |
| 650 22 - SUBJECT ADDED ENTRY--TOPICAL TERM |
| Topical term or geographic name entry element |
Language. |
| 9 (RLIN) |
10641 |
| 650 22 - SUBJECT ADDED ENTRY--TOPICAL TERM |
| Topical term or geographic name entry element |
Speech Disorders. |
| 9 (RLIN) |
10642 |
| 653 ## - INDEX TERM--UNCONTROLLED |
| keyword |
მეტყველების დარღვევები |
| 653 ## - INDEX TERM--UNCONTROLLED |
| keyword |
ენის განვითარების დარღვევები |
| 653 ## - INDEX TERM--UNCONTROLLED |
| keyword |
მედიცინა |
| 700 1# - ADDED ENTRY--PERSONAL NAME |
| Personal name |
Shulman, Brian B. |
| Relator term |
ავტორი |
| 9 (RLIN) |
10644 |
| 942 ## - ADDED ENTRY ELEMENTS (KOHA) |
| Source of classification or shelving scheme |
|
| Koha item type |
წიგნი |